Coronado National Forest, Arizona ... (Record no. 10219)
[ view plain ]
| 000 -LEADER | |
|---|---|
| fixed length control field | 00651cam a22002171a 4500 |
| 001 - CONTROL NUMBER | |
| control field | agr43000001 |
| 003 - CONTROL NUMBER IDENTIFIER | |
| control field | DLC |
| 005 - DATE AND TIME OF LATEST TRANSACTION | |
| control field | 20260227111001.0 |
| 008 - FIXED-LENGTH DATA ELEMENTS--GENERAL INFORMATION | |
| fixed length control field | 810903s1942 dcuab f000 0 eng |
| 010 ## - LIBRARY OF CONGRESS CONTROL NUMBER | |
| LC control number | agr43000001 |
| 035 ## - SYSTEM CONTROL NUMBER | |
| System control number | (OCoLC)7726506 |
| 040 ## - CATALOGING SOURCE | |
| Original cataloging agency | DLC |
| Transcribing agency | CoG |
| Modifying agency | DLC |
| 042 ## - AUTHENTICATION CODE | |
| Authentication code | premarc |
| 050 00 - LIBRARY OF CONGRESS CALL NUMBER | |
| Classification number | SD428.C65 |
| Item number | A5 1942 |
| 086 0# - GOVERNMENT DOCUMENT CLASSIFICATION NUMBER | |
| Classification number | A 13.13:C 81/4/942 |
| 245 00 - TITLE STATEMENT | |
| Title | Coronado National Forest, Arizona ... |
| 260 ## - PUBLICATION, DISTRIBUTION, ETC. | |
| Place of publication, distribution, etc. | Washington : |
| Name of publisher, distributor, etc. | U.S. Govt. Print. Off., |
| Date of publication, distribution, etc. | 1942. |
| 300 ## - PHYSICAL DESCRIPTION | |
| Extent | 20 p. : |
| Other physical details | ill., map ; |
| Dimensions | 23 cm. |
| 651 #0 - SUBJECT ADDED ENTRY--GEOGRAPHIC NAME | |
| Geographic name | Coronado National Forest (Ariz. and N.M.) |
| 710 1# - ADDED ENTRY--CORPORATE NAME | |
| Corporate name or jurisdiction name as entry element | United States. |
| Subordinate unit | Forest Service. |
| -- | Southwestern Region. |
No items available.